000 00263nam a2200097Ia 4500
001 652638
005 20250826154442.0
008 250824s9999 xx 000 0 und d
245 0 _aBEYAZ USTA SİYAH ÇIRAK
_cBAHADIR YENİŞEHİRLİOĞLU
260 _bTİMAŞ YAYINLARI
999 _c652638
_d652638